| 000 | 00579nai a2200181Ia 4500 | ||
|---|---|---|---|
| 003 | IN-BaIIA | ||
| 008 | 211028c9999 xx s 000 0 eng d | ||
| 022 | _a1464-7931 (Print) | ||
| 022 | _a1469-185X (Online) | ||
| 040 | _cIIA Library | ||
| 245 | 0 |
_aBiological Reviews _h[eJournal] |
|
| 260 |
_aNew Jersey _bJohn Wiley & Sons |
||
| 310 | _aBimonthly | ||
| 362 | _a72(1); 1997 - Present | ||
| 521 | _bSubscribed through National Knowledge Resource Consortium (NKRC) | ||
| 856 |
_uhttps://onlinelibrary.wiley.com/journal/1469185x _yClick Here to Access eJournal |
||
| 942 | _cEJ | ||
| 999 |
_c34099 _d34099 |
||